000 00485nam a22001697a 4500
005 20241221093910.0
008 241221b ||||| |||| 00| 0 eng d
040 _cAL
041 _aEnglish
082 _223
_a348.04
_bEASS
100 _aEastern Book Company
_9191762
245 _aSupreme Court Cases 2005: Vol 2
260 _aLucknow
_bEastern Book Comapny
365 _a1061
_b₹959.52
_c
_d₹1279.36
_e25%
_f28-11-2024
650 _aMode of Citation
_9191763
942 _2ddc
_cBI
999 _c233283
_d233283